000 00663nam a22002537a 4500
003 CHAP
005 20220329134421.0
008 971013s1921 r 00010 d
010 _a20210
011 _a21182
035 _a25271
040 _cCHAP
082 _a636.3
_bD53g
100 0 0 _aDiffloth, Paul.
_932558
245 _aGanado lanar
260 _aBarcelona :
_bSalvat,
_c1921
300 _a444 p.
_b: ilus.
590 _aBATCH-UPD
_b10
_c20130110
_lUCH01
_h2107
590 _aCONVERSION
_b10
_c20130109
_lUCH01
_h1312
650 1 4 _aGanado lanar.
_945150
901 _aBK
942 _cLIBRO
949 _a636.3 D53g
_bBC
_cBPA
_d-58224
_eBPA
_h24575
_i25271
_si
999 _c20210
_d20210